00580cam a22001937a 4500003000500000005001700005008004100022010001000063011001000073020001500083035001000098040000900108082001500117100002500132245006200157260011100219300003800330650001800368CHAP20220329142101.0990603d1998 mx ab r 00110 spa d a78133 a79105 a9686194444 a89257 cCHAP04a551.49bC300aCampos Aranda, D. F.10aProcesos del ciclo hidrológicoc/por D.F. Campos Aranda aSan Luis Potosí, S.L.P. :bUniversidad Autónoma de San Luis Potosí. Facultad de Ingeniería,c1998. a[c.a. 500 p.] :bilus. ; gráfs.14aHidrología.